000
00295nam a2200145Ia 4500
100
_a
LINUX
942
_c
RB
654
_a
linux
245
_a
Linux Made Easy
260
_b
Obsorne/ McGraw - Hill
_a
Berkeley
_c
1990
082
_a
5.13
_b
LIN
300
_a
1004
546
_a
ENGLISH
999
_c
34081
_d
34081